[Event "Kuppenheim 12h-Blitz (4m + 0s)"]
[Site "Rochade Kuppenheim"]
[Date "2004.05.15"]
[Round "2.13"]
[White "Wahedi (Kuppenheim)"]
[Black "Kingloek"]
[Result "0-1"]
[WhiteElo "2200"]
[BlackElo "2740"]
[PlyCount "134"]
[EventDate "2004.05.14"]

1. e4 {1} 1... c5 {1} 2. Nc3 {0} 2... Nc6 {2} 3. g3 {0} 3... g6 {1} 4. Bg2 {1}
4... Bg7 {0} 5. Nge2 {0} 5... d6 {2} 6. O-O {0} 6... Nf6 {1} 7. h3 {0} 7... O-O
{1} 8. g4 {1} 8... Rb8 {2} 9. Ng3 {1} 9... b5 {2} 10. Nce2 {0} 10... b4 {1} 11.
d3 {2} 11... a5 {2} 12. f4 {1} 12... Nd7 {5} 13. f5 {3} 13... a4 {4} 14. a3 {1}
14... bxa3 {9} 15. Rxa3 {2} 15... Bxb2 {0} 16. Bxb2 {2} 16... Rxb2 {1} 17. Rxa4
{1} 17... Nde5 {8} 18. Nf4 {9} 18... e6 {11} 19. Rf2 {30} 19... Qb6 {15} 20.
Ra1 {2} 20... c4 {2} 21. g5 {19} 21... cxd3 {8} 22. Nfh5 {11} 22... gxh5 {16}
23. Nxh5 {2} 23... Rxc2 {14} 24. Nf6+ {2} 24... Kh8 {3} 25. Qe1 {18} 25...
Qxf2+ {10} 26. Qxf2 {1} 26... Rxf2 {1} 27. Kxf2 {0} 27... exf5 {2} 28. Ke3 {7}
28... Ne7 {18} 29. Ra7 {6} 29... f4+ {6} 30. Kd2 {5} 30... N7c6 {3} 31. Ra4 {3}
31... Be6 {4} 32. Bf1 {3} 32... Rb8 {4} 33. Bxd3 {1} 33... Nxd3 {4} 34. Kxd3 {1
} 34... Bxh3 {1} 35. Ra1 {9} 35... Ne5+ {5} 36. Kd4 {4} 36... f3 {3} 37. Rh1 {3
} 37... Rb4+ {14} 38. Kd5 {2} 38... Kg7 {7} 39. Rxh3 {4} 39... f2 {6} 40. Rh1 {
1} 40... Rb2 {3} 41. Kxd6 {9} 41... Nf3 {1} 42. Ng4 {4} 42... Nxg5 {9} 43. Rf1
{7} 43... h5 {3} 44. Ne3 {6} 44... Nxe4+ {2} 45. Ke5 {1} 45... Ng3 {1} 46. Rc1
{4} 46... Re2 {2} 47. Kf4 {2} 47... Rxe3 {1} 48. Kxe3 {1} 48... f1=Q {1} 49.
Rxf1 {0} 49... Nxf1+ {1} 50. Kf2 {0} 50... Kg6 {1} 51. Kxf1 {1} 51... Kg5 {0}
52. Kf2 {0} 52... Kg4 {1} 53. Kg2 {0} 53... h4 {0} 54. Kh2 {1} 54... h3 {0} 55.
Kg1 {1} 55... f5 {0} 56. Kf1 {1} 56... f4 {0} 57. Kf2 {0} 57... f3 {1} 58. Kf1
{1} 58... h2 {1} 59. Ke1 {0} 59... h1=Q+ {1} 60. Kd2 {0} 60... Qh5 {1} 61. Ke3
{0} 61... Qe5+ {1} 62. Kd3 {1} 62... f2 {1} 63. Kc4 {1} 63... f1=Q+ {1} 64. Kb3
{0} 64... Qd1+ {1} 65. Kc4 {1} 65... Qdd4+ {0} 66. Kb3 {0} 66... Qb5+ {1} 67.
Kc2 {0} 67... Qbb2# {(Lag: Av=0.37s, max=0.7s) 1} 0-1

[Event "Kuppenheim 12h-Blitz (4m + 0s)"]
[Site "Rochade Kuppenheim"]
[Date "2004.05.15"]
[Round "2.14"]
[White "Kingloek"]
[Black "Kolb (Kuppenheim)"]
[Result "1-0"]
[WhiteElo "2740"]
[BlackElo "2063"]
[PlyCount "47"]
[EventDate "2004.05.14"]

1. d4 {1} 1... e6 {3} 2. c4 {2} 2... d5 {2} 3. Nf3 {2} 3... Bb4+ {3} 4. Bd2 {2}
4... Bxd2+ {2} 5. Qxd2 {3} 5... Nf6 {2} 6. Nc3 {1} 6... c6 {3} 7. e3 {1} 7...
O-O {2} 8. Rc1 {2} 8... Nbd7 {3} 9. a3 {2} 9... Re8 {3} 10. Bd3 {2} 10... e5 {6
} 11. dxe5 {11} 11... Nxe5 {2} 12. Nxe5 {1} 12... Rxe5 {3} 13. O-O {3} 13...
dxc4 {10} 14. Bxh7+ {3} 14... Kxh7 {4} 15. Qxd8 {2} 15... b5 {8} 16. Rfd1 {5}
16... c5 {5} 17. Qc7 {8} 17... Rg5 {18} 18. Rd8 {21} 18... Bh3 {14} 19. Rxa8 {7
} 19... Bxg2 {2} 20. f4 {16} 20... Rg6 {12} 21. f5 {1} 21... Rg5 {6} 22. Qf4 {2
} 22... Rg4 {21} 23. Qxg4 {4} 23... Nxg4 {3} 24. Kxg2 {
Kuppenheim gibt auf  (Lag: Av=0.35s, max=0.4s) 1} 1-0

[Event "Kuppenheim 12h-Blitz (4m + 0s)"]
[Site "Rochade Kuppenheim"]
[Date "2004.05.15"]
[Round "2.15"]
[White "Andersen (Kuppenheim)"]
[Black "Kingloek"]
[Result "0-1"]
[WhiteElo "2128"]
[BlackElo "2740"]
[PlyCount "54"]
[EventDate "2004.05.14"]

1. d4 {3} 1... Nf6 {2} 2. c4 {1} 2... g6 {1} 3. Nc3 {1} 3... d5 {1} 4. cxd5 {1}
4... Nxd5 {1} 5. e4 {1} 5... Nxc3 {1} 6. bxc3 {1} 6... Bg7 {0} 7. Nf3 {2} 7...
c5 {2} 8. Be3 {1} 8... Qa5 {3} 9. Qd2 {2} 9... Nc6 {1} 10. Rc1 {1} 10... cxd4 {
1} 11. cxd4 {1} 11... Qxd2+ {1} 12. Kxd2 {1} 12... O-O {0} 13. d5 {2} 13... Rd8
{1} 14. Ke1 {3} 14... Na5 {1} 15. Bd2 {9} 15... b6 {2} 16. Bxa5 {2} 16... bxa5
{1} 17. Bc4 {4} 17... Rb8 {3} 18. Nd2 {4} 18... Bd7 {5} 19. Ke2 {11} 19... a4 {
9} 20. Rb1 {0} 20... Bd4 {21} 21. f3 {7} 21... a3 {21} 22. Rb3 {7} 22... Bb2 {9
} 23. Bd3 {22} 23... Rxb3 {3} 24. Nxb3 {4} 24... Rc8 {0} 25. Rd1 {25} 25... Ba4
{6} 26. Bb1 {16} 26... Rc3 {3} 27. Rd3 {9} 27... Bb5 {
Kuppenheim gibt auf  (Lag: Av=0.33s, max=0.4s) 3} 0-1

[Event "Kuppenheim 12h-Blitz (4m + 0s)"]
[Site "Rochade Kuppenheim"]
[Date "2004.05.15"]
[Round "2.16"]
[White "Vatter (Kuppenheim)"]
[Black "Kingloek"]
[Result "0-1"]
[WhiteElo "2300"]
[BlackElo "2740"]
[PlyCount "74"]
[EventDate "2004.05.14"]

1. e4 {3} 1... c5 {1} 2. Nf3 {2} 2... d6 {1} 3. Bb5+ {2} 3... Bd7 {1} 4. a4 {2}
4... g6 {3} 5. O-O {3} 5... Bg7 {1} 6. Re1 {3} 6... Nc6 {2} 7. c3 {3} 7... Nf6
{10} 8. d4 {3} 8... cxd4 {1} 9. cxd4 {2} 9... O-O {0} 10. Nc3 {3} 10... a6 {5}
11. Bf1 {5} 11... Bg4 {3} 12. Be3 {4} 12... Nd7 {6} 13. Be2 {5} 13... Rc8 {3}
14. h3 {4} 14... Bxf3 {1} 15. Bxf3 {1} 15... Na5 {3} 16. Bg4 {8} 16... Nc4 {8}
17. Bc1 {2} 17... h5 {4} 18. Be2 {5} 18... e6 {10} 19. b3 {13} 19... Na5 {5}
20. Bb2 {15} 20... Qb6 {2} 21. Bxh5 {33} 21... gxh5 {8} 22. Qxh5 {2} 22... Qxb3
{10} 23. Rab1 {7} 23... Nc4 {15} 24. Ba1 {8} 24... Qc2 {4} 25. Rbc1 {22} 25...
Qd2 {3} 26. Rcd1 {27} 26... Qh6 {5} 27. Qe2 {3} 27... Kh7 {32} 28. Rd3 {2}
28... Rg8 {1} 29. Rg3 {4} 29... Bxd4 {5} 30. Rxg8 {5} 30... Kxg8 {2} 31. Nd5 {8
} 31... exd5 {13} 32. Bxd4 {3} 32... Qg6 {10} 33. exd5 {3} 33... Nce5 {1} 34.
f4 {3} 34... Rc2 {1} 35. Qf1 {7} 35... Rxg2+ {1} 36. Qxg2 {4} 36... Nf3+ {2}
37. Kh1 {3} 37... Qxg2+ {
Zeit  (Lag: Av=0.33s, max=0.4s) . Kuppenheim gibt auf 1} 0-1

[Event "Kuppenheim 12h-Blitz (4m + 0s)"]
[Site "Rochade Kuppenheim"]
[Date "2004.05.15"]
[Round "2.17"]
[White "Epischin (Kuppenheim)"]
[Black "Kingloek"]
[Result "0-1"]
[WhiteElo "2620"]
[BlackElo "2740"]
[PlyCount "96"]
[EventDate "2004.05.14"]

1. d4 {6} 1... Nf6 {0} 2. c4 {2} 2... g6 {1} 3. Nc3 {2} 3... d5 {1} 4. Nf3 {4}
4... Bg7 {1} 5. Qb3 {1} 5... dxc4 {1} 6. Qxc4 {1} 6... O-O {0} 7. e4 {3} 7...
a6 {1} 8. Qb3 {6} 8... b5 {11} 9. e5 {2} 9... Nfd7 {5} 10. e6 {2} 10... fxe6 {
11} 11. Be3 {2} 11... Nf6 {4} 12. a4 {10} 12... bxa4 {4} 13. Qa2 {2} 13... Nc6
{10} 14. Bc4 {4} 14... Nb4 {9} 15. Qxa4 {3} 15... a5 {9} 16. O-O {5} 16... Nfd5
{4} 17. Rfe1 {8} 17... Kh8 {17} 18. Qd1 {5} 18... Rb8 {7} 19. Qd2 {3} 19... Rf5
{12} 20. Ne4 {19} 20... Nc6 {15} 21. Ng3 {14} 21... Rf8 {14} 22. Rad1 {4} 22...
Qd6 {2} 23. Bh6 {6} 23... Qb4 {4} 24. Bxg7+ {24} 24... Kxg7 {2} 25. b3 {2}
25... Qxd2 {3} 26. Rxd2 {1} 26... h6 {7} 27. Ne5 {5} 27... Nxe5 {2} 28. Rxe5 {2
} 28... c6 {1} 29. f3 {6} 29... Rb4 {2} 30. Ra2 {5} 30... Nb6 {7} 31. Rc5 {5}
31... a4 {3} 32. Ra3 {16} 32... Bd7 {7} 33. Ne4 {8} 33... Rb8 {5} 34. Nd2 {11}
34... g5 {7} 35. Kf2 {3} 35... Ra8 {5} 36. g4 {5} 36... axb3 {5} 37. Rxb3 {2}
37... Rxb3 {3} 38. Bxb3 {1} 38... Nd5 {2} 39. Rc1 {7} 39... Rb8 {2} 40. Bxd5 {5
} 40... exd5 {2} 41. Ke3 {4} 41... Ra8 {2} 42. Rc3 {2} 42... Kf6 {2} 43. Rb3 {1
} 43... e5 {1} 44. Rb7 {2} 44... Ra3+ {2} 45. Ke2 {2} 45... Bc8 {4} 46. Rc7 {2}
46... Ba6+ {1} 47. Kf2 {1} 47... Bb5 {1} 48. dxe5+ {2} 48... Kxe5 {
' Zeit  (Lag: Av=0.34s, max=0.4s) . 1} 0-1

[Event "Kuppenheim 12h-Blitz (4m + 0s)"]
[Site "Rochade Kuppenheim"]
[Date "2004.05.15"]
[Round "2.18"]
[White "Kingloek"]
[Black "Bischoff (Kuppenheim)"]
[Result "1/2-1/2"]
[WhiteElo "2740"]
[BlackElo "2555"]
[PlyCount "61"]
[EventDate "2004.05.14"]

1. d4 {1} 1... e6 {3} 2. c4 {0} 2... Nf6 {2} 3. Nf3 {1} 3... b6 {2} 4. g3 {1}
4... Ba6 {3} 5. Qa4 {2} 5... Bb7 {5} 6. Bg2 {1} 6... c5 {2} 7. dxc5 {2} 7...
Bxc5 {3} 8. O-O {1} 8... O-O {2} 9. Nc3 {1} 9... Be7 {57} 10. Bf4 {2} 10... d6
{4} 11. Rfd1 {2} 11... a6 {3} 12. Qa3 {18} 12... Ne8 {5} 13. Rac1 {10} 13...
Qc7 {4} 14. b3 {3} 14... Nd7 {2} 15. Qb2 {2} 15... h6 {7} 16. h4 {4} 16... Nef6
{2} 17. Qd2 {2} 17... Ne8 {7} 18. e4 {4} 18... Rc8 {4} 19. Qe2 {9} 19... Nef6 {
7} 20. e5 {4} 20... Bxf3 {11} 21. Bxf3 {42} 21... Nxe5 {2} 22. Bg2 {3} 22...
Rfd8 {2} 23. Rc2 {7} 23... Ng6 {7} 24. Be3 {2} 24... Ne5 {1} 25. a4 {4} 25...
Ned7 {3} 26. Rcd2 {5} 26... Nc5 {2} 27. Rb1 {1} 27... Ncd7 {9} 28. Qd1 {4}
28... Nc5 {2} 29. Qe2 {1} 29... Ncd7 {1} 30. Qd1 {1} 30... Nc5 {1} 31. Qe2 {
(Lag: Av=0.34s, max=0.5s) 1} 1/2-1/2

[Event "Kuppenheim 12h-Blitz (4m + 0s)"]
[Site "Rochade Kuppenheim"]
[Date "2004.05.15"]
[Round "2.19"]
[White "Kabisch (Kuppenheim)"]
[Black "Kingloek"]
[Result "0-1"]
[WhiteElo "2204"]
[BlackElo "2740"]
[PlyCount "40"]
[EventDate "2004.05.14"]

1. d4 {8} 1... Nf6 {2} 2. c4 {5} 2... g6 {1} 3. Nc3 {2} 3... d5 {1} 4. cxd5 {3}
4... Nxd5 {1} 5. Nf3 {2} 5... Bg7 {2} 6. e3 {2} 6... O-O {2} 7. Bc4 {2} 7...
Nxc3 {2} 8. bxc3 {2} 8... c5 {1} 9. O-O {2} 9... Qc7 {5} 10. Qe2 {6} 10... b6 {
3} 11. a4 {3} 11... Nc6 {7} 12. Ba3 {3} 12... Bb7 {4} 13. Rfd1 {3} 13... Rfd8 {
5} 14. Rab1 {2} 14... Rac8 {13} 15. Bxf7+ {2} 15... Kxf7 {33} 16. Ng5+ {2}
16... Ke8 {14} 17. Ne6 {8} 17... Qd6 {8} 18. Nxd8 {6} 18... Nxd8 {6} 19. dxc5 {
2} 19... Qc6 {1} 20. cxb6 {2} 20... Qxg2# {(Lag: Av=0.34s, max=0.5s) 2} 0-1

[Event "Kuppenheim 12h-Blitz (4m + 0s)"]
[Site "Rochade Kuppenheim"]
[Date "2004.05.15"]
[Round "2.20"]
[White "Kingloek"]
[Black "Muse (Kuppenheim)"]
[Result "1-0"]
[WhiteElo "2740"]
[BlackElo "2460"]
[PlyCount "65"]
[EventDate "2004.05.14"]

1. d4 {1} 1... Nf6 {3} 2. c4 {1} 2... g6 {2} 3. Nc3 {2} 3... Bg7 {4} 4. e4 {2}
4... d6 {2} 5. Nf3 {1} 5... O-O {1} 6. Be2 {0} 6... e5 {3} 7. O-O {0} 7... Na6
{2} 8. Re1 {2} 8... Qe8 {5} 9. Be3 {2} 9... Bg4 {3} 10. d5 {9} 10... Nc5 {6}
11. Nd2 {5} 11... Bxe2 {4} 12. Qxe2 {1} 12... a5 {1} 13. b3 {2} 13... Nh5 {3}
14. g3 {13} 14... Qd7 {4} 15. a3 {5} 15... Qh3 {12} 16. b4 {12} 16... axb4 {20}
17. axb4 {2} 17... Rxa1 {3} 18. Rxa1 {1} 18... Nd7 {14} 19. f3 {13} 19... Nf4 {
11} 20. Qf1 {6} 20... Qh5 {31} 21. Nb5 {11} 21... Nh3+ {12} 22. Kg2 {5} 22...
Bh6 {28} 23. Qe2 {10} 23... f5 {33} 24. Bxh6 {11} 24... Qxh6 {2} 25. Nxc7 {3}
25... fxe4 {7} 26. Nxe4 {4} 26... Nf6 {14} 27. Nxf6+ {. 13} 27... Rxf6 {1} 28.
Ne8 {15} 28... Rf8 {2} 29. Nxd6 {2} 29... Ng5 {1} 30. h4 {8} 30... Nxf3 {1} 31.
Rf1 {5} 31... Qh5 {1} 32. Rxf3 {2} 32... Rxf3 {2} 33. Qxf3 {
Zeit  (Lag: Av=0.32s, max=0.4s) 1} 1-0

[Event "Kuppenheim 12h-Blitz (4m + 0s)"]
[Site "Rochade Kuppenheim"]
[Date "2004.05.15"]
[Round "2.21"]
[White "Gheng (Kuppenheim)"]
[Black "Kingloek"]
[Result "1-0"]
[WhiteElo "2300"]
[BlackElo "2740"]
[PlyCount "83"]
[EventDate "2004.05.14"]

1. e4 {4} 1... c5 {1} 2. Nf3 {7} 2... d6 {1} 3. d4 {1} 3... cxd4 {1} 4. Nxd4 {0
} 4... Nf6 {1} 5. Bd3 {1} 5... Nc6 {4} 6. Nxc6 {2} 6... bxc6 {1} 7. O-O {0}
7... g6 {2} 8. Kh1 {1} 8... Bg7 {1} 9. Nc3 {1} 9... O-O {2} 10. Qe1 {1} 10...
e5 {8} 11. f4 {5} 11... exf4 {1} 12. Bxf4 {2} 12... h6 {11} 13. Rd1 {4} 13...
Re8 {7} 14. Qd2 {15} 14... Kh7 {14} 15. h3 {4} 15... Be6 {8} 16. Bh2 {13} 16...
d5 {6} 17. exd5 {6} 17... cxd5 {3} 18. Nb5 {16} 18... Re7 {28} 19. Nd4 {9}
19... Qb6 {5} 20. c3 {5} 20... Ne4 {7} 21. Bxe4 {2} 21... dxe4 {1} 22. Nxe6 {1}
22... Qxe6 {1} 23. Qd5 {12} 23... Qxd5 {4} 24. Rxd5 {1} 24... Rae8 {4} 25. Re1
{6} 25... f5 {2} 26. Re2 {8} 26... Be5 {7} 27. g3 {4} 27... g5 {4} 28. c4 {10}
28... Kg6 {7} 29. c5 {2} 29... Re6 {3} 30. b4 {2} 30... Rb8 {12} 31. a3 {8}
31... a5 {13} 32. g4 {2} 32... f4 {8} 33. Rxe4 {3} 33... Rbe8 {5} 34. Bg1 {6}
34... a4 {3} 35. b5 {1} 35... Bb2 {2} 36. Rxe6+ {3} 36... Rxe6 {1} 37. b6 {1}
37... f3 {20} 38. Rd6 {4} 38... Kf7 {6} 39. Rxe6 {8} 39... Kxe6 {1} 40. c6 {0}
40... Be5 {5} 41. Bc5 {7} 41... Kd5 {1} 42. c7 {
Kingloek Opgeven?  (Lag: Av=0.34s, max=0.7s) 1} 1-0

[Event "Kuppenheim 12h-Blitz (4m + 0s)"]
[Site "Rochade Kuppenheim"]
[Date "2004.05.15"]
[Round "2.22"]
[White "Kingloek"]
[Black "Starostits (Kuppenheim)"]
[Result "1-0"]
[WhiteElo "2740"]
[BlackElo "2460"]
[PlyCount "65"]
[EventDate "2004.05.14"]

1. d4 {0} 1... d5 {3} 2. c4 {1} 2... c6 {2} 3. Nc3 {1} 3... dxc4 {1} 4. e3 {1}
4... Be6 {5} 5. a4 {7} 5... Nf6 {2} 6. Nge2 {4} 6... Nd5 {7} 7. Nf4 {20} 7...
Nxf4 {3} 8. exf4 {1} 8... g6 {2} 9. a5 {4} 9... Bg7 {1} 10. Be3 {1} 10... O-O {
4} 11. Be2 {18} 11... Nd7 {3} 12. Qa4 {2} 12... b5 {5} 13. axb6 {4} 13... axb6
{1} 14. Qd1 {9} 14... b5 {4} 15. O-O {2} 15... Qc7 {5} 16. Bf3 {4} 16... Rxa1 {
8} 17. Qxa1 {2} 17... b4 {6} 18. Ne4 {3} 18... Bd5 {3} 19. Rc1 {6} 19... Qb7 {3
} 20. Nd2 {4} 20... Ra8 {2} 21. Qb1 {1} 21... Qb5 {5} 22. Be2 {3} 22... c5 {32}
23. dxc5 {17} 23... Nxc5 {2} 24. Bxc4 {7} 24... Bxc4 {2} 25. Rxc4 {5} 25... Nb3
{1} 26. Qe4 {23} 26... Ra1+ {9} 27. Nf1 {1} 27... Bxb2 {21} 28. Qd3 {10} 28...
Qa4 {33} 29. g4 {18} 29... Bg7 {11} 30. Qd8+ {5} 30... Bf8 {1} 31. Rc8 {1}
31... Rxf1+ {3} 32. Kxf1 {2} 32... Nd2+ {8} 33. Kg2 {
Kuppenheim gibt auf  (Lag: Av=0.34s, max=0.6s) 11} 1-0

[Event "Kuppenheim 12h-Blitz (4m + 0s)"]
[Site "Rochade Kuppenheim"]
[Date "2004.05.15"]
[Round "2.23"]
[White "Goemer (Kuppenheim)"]
[Black "Kingloek"]
[Result "0-1"]
[WhiteElo "2150"]
[BlackElo "2740"]
[PlyCount "78"]
[EventDate "2004.05.14"]

1. Nc3 {2} 1... d5 {2} 2. e4 {1} 2... d4 {1} 3. Nce2 {1} 3... e5 {0} 4. Ng3 {1}
4... Be6 {1} 5. Nf3 {2} 5... f6 {1} 6. c3 {6} 6... c5 {3} 7. Bb5+ {6} 7... Nc6
{5} 8. O-O {5} 8... Bd6 {5} 9. cxd4 {8} 9... cxd4 {2} 10. d3 {9} 10... Nge7 {2}
11. Nh4 {28} 11... O-O {6} 12. Bc4 {23} 12... Bxc4 {3} 13. dxc4 {1} 13... Rf7 {
14} 14. Nhf5 {7} 14... Nxf5 {5} 15. Nxf5 {1} 15... Ne7 {2} 16. Ng3 {20} 16...
Qc7 {10} 17. Qd3 {5} 17... Rd8 {5} 18. Bd2 {4} 18... a5 {2} 19. Rac1 {5} 19...
b6 {3} 20. a3 {3} 20... a4 {4} 21. b4 {21} 21... axb3 {2} 22. Qxb3 {0} 22...
Bc5 {4} 23. Bb4 {3} 23... g6 {10} 24. Rfd1 {2} 24... Kg7 {7} 25. Ne2 {9} 25...
Ra8 {4} 26. Rc2 {3} 26... Nc6 {5} 27. Nc1 {3} 27... Na5 {1} 28. Qa4 {12} 28...
Qc6 {10} 29. Qb5 {4} 29... Rc7 {13} 30. Qxc6 {3} 30... Nxc6 {2} 31. Nd3 {0}
31... Bxb4 {7} 32. axb4 {1} 32... Ra4 {1} 33. Rb1 {1} 33... Ra3 {1} 34. Rd2 {2}
34... Rca7 {3} 35. h4 {2} 35... Rc3 {2} 36. c5 {1} 36... b5 {1} 37. f3 {3}
37... Raa3 {2} 38. Nf2 {1} 38... h5 {6} 39. Rdb2 {3} 39... Kf7 {
Kuppenheim gibt auf  (Lag: Av=0.33s, max=0.4s) 3} 0-1

[Event "Kuppenheim 12h-Blitz (4m + 0s)"]
[Site "Rochade Kuppenheim"]
[Date "2004.05.15"]
[Round "2.24"]
[White "Polaczek (Kuppenheim)"]
[Black "Kingloek"]
[Result "0-1"]
[WhiteElo "2426"]
[BlackElo "2740"]
[PlyCount "84"]
[EventDate "2004.05.14"]

1. d4 {3} 1... Nf6 {2} 2. Bg5 {3} 2... Ne4 {3} 3. Bf4 {2} 3... d5 {2} 4. e3 {2}
4... Bf5 {2} 5. Bd3 {3} 5... e6 {1} 6. Nd2 {2} 6... Nxd2 {5} 7. Qxd2 {2} 7...
Bxd3 {4} 8. Qxd3 {1} 8... c6 {7} 9. Nf3 {4} 9... Bd6 {3} 10. Bxd6 {3} 10...
Qxd6 {1} 11. O-O {1} 11... Nd7 {2} 12. c4 {2} 12... O-O {2} 13. a3 {2} 13... a5
{2} 14. e4 {9} 14... dxe4 {4} 15. Qxe4 {2} 15... c5 {19} 16. Rfd1 {7} 16...
cxd4 {7} 17. Rxd4 {8} 17... Qc7 {2} 18. Rad1 {10} 18... Nc5 {4} 19. Qc2 {3}
19... a4 {18} 20. Ng5 {13} 20... g6 {7} 21. Qc3 {21} 21... h6 {53} 22. Rh4 {29}
22... Rad8 {3} 23. Re1 {21} 23... Rd3 {6} 24. Qf6 {38} 24... Qd8 {12} 25. Ne4 {
18} 25... Qxf6 {6} 26. Nxf6+ {1} 26... Kg7 {0} 27. Ne4 {2} 27... Nb3 {3} 28.
Nc3 {4} 28... Ra8 {8} 29. Rhe4 {2} 29... Nc5 {5} 30. Re5 {1} 30... b6 {2} 31.
Ne4 {3} 31... Nd7 {4} 32. Rb5 {2} 32... Rd4 {7} 33. Nc3 {2} 33... Rxc4 {2} 34.
Rd1 {1} 34... Ra7 {3} 35. Rd6 {2} 35... Rac7 {3} 36. Kf1 {2} 36... Kf8 {1} 37.
Rb4 {1} 37... Rxb4 {2} 38. axb4 {1} 38... Ke7 {0} 39. Rd2 {2} 39... Ra7 {1} 40.
b5 {1} 40... a3 {2} 41. bxa3 {1} 41... Rxa3 {1} 42. Ne4 {1} 42... Rb3 {
' Zeit  (Lag: Av=0.34s, max=0.8s) . 2} 0-1

[Event "Kuppenheim 12h-Blitz (4m + 0s)"]
[Site "Rochade Kuppenheim"]
[Date "2004.05.15"]
[Round "2.25"]
[White "Kingloek"]
[Black "Silber (Kuppenheim)"]
[Result "1-0"]
[WhiteElo "2740"]
[BlackElo "2200"]
[PlyCount "99"]
[EventDate "2004.05.14"]

1. d4 {1} 1... d5 {2} 2. c4 {1} 2... e6 {2} 3. Nf3 {1} 3... Nf6 {10} 4. Nc3 {1}
4... dxc4 {7} 5. e4 {2} 5... a6 {1} 6. Bxc4 {4} 6... b5 {3} 7. Bd3 {1} 7... Bb7
{3} 8. Qe2 {2} 8... Nbd7 {10} 9. O-O {7} 9... c5 {13} 10. d5 {3} 10... c4 {13}
11. Bc2 {2} 11... Bc5 {8} 12. Rd1 {8} 12... Qb6 {7} 13. dxe6 {35} 13... fxe6 {4
} 14. Bf4 {2} 14... O-O {7} 15. Bg3 {1} 15... Rad8 {10} 16. b3 {11} 16... Bb4 {
15} 17. Nb1 {4} 17... Nc5 {21} 18. Rxd8 {18} 18... Rxd8 {3} 19. bxc4 {6} 19...
Ncxe4 {11} 20. cxb5 {8} 20... Qxb5 {2} 21. Qxb5 {5} 21... axb5 {1} 22. a4 {44}
22... Nxg3 {9} 23. hxg3 {2} 23... Rc8 {8} 24. Ra2 {10} 24... bxa4 {7} 25. Rxa4
{2} 25... Rxc2 {5} 26. Rxb4 {1} 26... Bd5 {2} 27. Ne5 {3} 27... h6 {3} 28. f3 {
3} 28... Kh7 {3} 29. Na3 {5} 29... Rc1+ {5} 30. Kf2 {7} 30... Ra1 {2} 31. Nb5 {
1} 31... Ra2+ {1} 32. Kg1 {2} 32... Ra1+ {1} 33. Kh2 {1} 33... Ra2 {2} 34. Nd6
{2} 34... Ra3 {10} 35. Rb8 {2} 35... g5 {5} 36. Rc8 {3} 36... Ra7 {3} 37. Rc5 {
2} 37... Kg7 {2} 38. g4 {1} 38... Re7 {4} 39. Ra5 {2} 39... Rc7 {2} 40. Ra6 {1}
40... Re7 {1} 41. Rb6 {2} 41... Rc7 {1} 42. Rb8 {1} 42... Re7 {2} 43. Kg3 {1}
43... Rc7 {1} 44. Kf2 {1} 44... Re7 {1} 45. Ke3 {1} 45... Ra7 {1} 46. Kd4 {1}
46... Ra4+ {2} 47. Kc5 {1} 47... Ra5+ {1} 48. Kb4 {2} 48... Ra7 {1} 49. Rc8 {2}
49... Re7 {2} 50. Kc5 {Zeit  (Lag: Av=0.34s, max=0.4s) 1} 1-0

[Event "Kuppenheim 12h-Blitz (4m + 0s)"]
[Site "Rochade Kuppenheim"]
[Date "2004.05.15"]
[Round "2.26"]
[White "Kingloek"]
[Black "Hirschinger (Kuppenheim)"]
[Result "1-0"]
[WhiteElo "2740"]
[BlackElo "2114"]
[PlyCount "55"]
[EventDate "2004.05.14"]

1. d4 {1} 1... d5 {1} 2. c4 {1} 2... e6 {0} 3. Nf3 {2} 3... Be7 {0} 4. Nc3 {1}
4... Nf6 {0} 5. Bg5 {1} 5... O-O {0} 6. e3 {1} 6... Nbd7 {1} 7. cxd5 {4} 7...
exd5 {2} 8. Bd3 {2} 8... b6 {1} 9. Qc2 {3} 9... Bb7 {3} 10. O-O {1} 10... c5 {1
} 11. Rfd1 {2} 11... g6 {12} 12. Ne5 {2} 12... c4 {3} 13. Be2 {3} 13... a6 {3}
14. a4 {3} 14... Rc8 {5} 15. Bf3 {2} 15... Kg7 {9} 16. b3 {11} 16... Qc7 {24}
17. bxc4 {14} 17... Nxe5 {10} 18. dxe5 {2} 18... Qxe5 {1} 19. Bf4 {21} 19...
Qe6 {4} 20. cxd5 {4} 20... Nxd5 {10} 21. Bxd5 {8} 21... Bxd5 {1} 22. Rxd5 {2}
22... Bf6 {14} 23. Rd3 {16} 23... Qc4 {5} 24. Rc1 {5} 24... b5 {2} 25. axb5 {2}
25... axb5 {1} 26. Qd2 {6} 26... b4 {10} 27. Ne2 {1} 27... Qxc1+ {23} 28. Nxc1
{Kuppenheim gibt auf  (Lag: Av=0.34s, max=0.4s) 4} 1-0